| 000 | 00000nas##2200000za#4500 |
| 001 | 9.505197 |
| 003 | CaOODSP |
| 005 | 20211126112842 |
| 007 | cr ||||||||||| |
| 008 | 150406c2000||||xxc|| p o||||f| |0eng|d |
| 040 | |aCaOODSP|beng |
| 043 | |an-cn--- |
| 086 | 1 |aFB12-6E-PDF |
| 110 | 2 |aBank of Canada. |
| 245 | 10|aMonetary policy report. Update |h[electronic resource] |
| 260 | |aOttawa - Ontario : |bBank of Canada |
| 310 | |aSemi-annual |
| 362 | 1 |a[2000]-- |
| 520 | 3 |aA commentary of the Governing Council of the Bank of Canada. It presents the Bank’s updated outlook based on information received up to the date of issue. It contains detailed summaries of the policies and strategies of the Bank of Canada, plus a look at the current economic climate and its implications for inflation. |
| 690 | 07|aBanks|2gcpds |
| 690 | 07|aFederal institutions|2gcpds |
| 690 | 07|aMonetary policy|2gcpds |
| 775 | 08|tRapport sur la politique monétaire. Mise à jour |w(CaOODSP)9.501596 |
| 776 | 0#|tMonetary policy report. Update |w(CaOODSP)9.510858 |
| 776 | 0#|tRapport sur la politique monétaire. Mise à jour |w(CaOODSP)9.510859 |